| 000 | nam a22 7a 4500 | ||
|---|---|---|---|
| 999 |
_c331350 _d331350 |
||
| 003 | NUST | ||
| 005 | 20170925124357.0 | ||
| 008 | 170925b xxu||||| |||| 00| 0 eng d | ||
| 040 | _cNUST | ||
| 082 | _a330 BSEco | ||
| 100 |
_aJaved,Ayesha, Nisa,Mehr Un, & Nawaz,Raja Ali _94975 |
||
| 245 | _aCost-Benefit analysis of metro bus in Islamabad | ||
| 260 |
_aIslamabad _c2016 |
||
| 300 | _a90p | ||
| 942 |
_2ddc _cTH |
||